000 00257nam a22001217a 4500
008 180924b xxu||||| |||| 00| 0 eng d
041 _aeng
080 _a371
100 _a25
101 _aEDU
245 _aOn Common Ground
_cBurnette, R
942 _2udc
_cBK
999 _c48399
_d48399